Statistics for Back To December - Taylor Swift (All Lyrics)

Click here to take the quiz!

General Stats

  • This quiz has been taken 4,230 times
  • The average score is 362 of 424

Answer Stats

Back To December% Correct
I
100%
a
99%
the
99%
The
99%
to
99%
you
99%
You
99%
back
98%
go
98%
me
98%
time
98%
And
97%
and
97%
December
97%
ChorusSo
97%
so
97%
in
96%
your
96%
Your
96%
all
95%
OutroAll
95%
i'm
94%
Verse 1I'm
94%
is
94%
Is
94%
that
93%
we
93%
We
93%
my
92%
night
92%
this
92%
for
91%
how
91%
of
91%
then
91%
ever
90%
good
90%
sorry
90%
mind
89%
see
89%
It
88%
it
88%
miss
88%
saw
88%
saying
88%
front
87%
pride
87%
Standing
87%
them
87%
But
86%
but
86%
family?
86%
haven't
86%
How's
86%
how's
86%
I'd
86%
Tell
86%
life?
85%
seen
85%
swallowing
85%
turn
85%
when
85%
When
85%
while
85%
gave
83%
glad
83%
made
83%
last
82%
roses
82%
left
81%
been
80%
die
80%
mine
80%
missing
80%
nothing
80%
than
80%
there
80%
were
80%
what
80%
know
79%
out
79%
why
79%
around
78%
had
78%
up
78%
busier
77%
talk
77%
freedom
76%
small
76%
turns
76%
weather
76%
Pre-ChorusBecause
75%
guard
75%
Realised
75%
realised
75%
Wishing
75%
love
74%
make
74%
still
74%
think
72%
work
72%
You've
71%
ain't
70%
right
70%
change
69%
smile
67%
sweet
67%
alright
66%
burned
66%
first
65%
cry
64%
skin
64%
arms
63%
held
63%
September
63%
tan
63%
days
62%
didn't
61%
loved
61%
was
61%
birthday
60%
call
60%
sleeping
60%
goodbye
58%
Verse 2These
57%
thinking
57%
Maybe
56%
own
56%
wishful
56%
came
55%
if
55%
passed
55%
cold
54%
fall
53%
on
53%
Staying
53%
about
52%
dark
51%
summer
51%
beautiful
50%
dreaming
50%
Probably
50%
times
50%
myself
49%
passenger
49%
can't
48%
from
48%
side
48%
mindless
47%
watched
47%
door
46%
laughing
46%
playing
46%
fear
45%
into
45%
understand
45%
chain
44%
leaving
44%
again
43%
crept
43%
swear
43%

Score Distribution

Percentile by Number Answered

Percent of People with Each Score

Your Score History

You have not taken this quiz